Textbook of Endodontics (Record no. 22708)
[ view plain ]
| 000 -LEADER | |
|---|---|
| fixed length control field | 00407nam a22001817a 4500 |
| 003 - CONTROL NUMBER IDENTIFIER | |
| control field | SGT |
| 020 ## - INTERNATIONAL STANDARD BOOK NUMBER | |
| International Standard Book Number | 9789352705351 |
| 082 ## - DEWEY DECIMAL CLASSIFICATION NUMBER | |
| Classification number | 617.6342 |
| Item number | E19G |
| 100 ## - MAIN ENTRY--PERSONAL NAME | |
| Personal name | Garg, Nisha |
| 245 ## - TITLE STATEMENT | |
| Title | Textbook of Endodontics |
| 250 ## - EDITION STATEMENT | |
| Edition statement | 4th |
| 260 ## - PUBLICATION, DISTRIBUTION, ETC. (IMPRINT) | |
| Place of publication, distribution, etc | New Delhi, India |
| Name of publisher, distributor, etc | Jaypee Brothers |
| Year of Publication | 2019 |
| 300 ## - PAGE DESCRIPTION | |
| No. of Pages | 583 |
| 650 ## - SUBJECT ADDED ENTRY--TOPICAL TERM | |
| Topical term or geographic name as entry element | Endodontics |
| 653 ## - KEYWORDS--INDEX TERM | |
| Keyword term | Endodontics |
| 700 ## - ADDED ENTRY--PERSONAL NAME | |
| Personal name | Garg, Amit |
| 942 ## - ADDED ENTRY ELEMENTS (KOHA) | |
| Source of classification or shelving scheme | Dewey Decimal Classification |
| Koha item type | Books |
| 942 ## - ADDED ENTRY ELEMENTS (KOHA) | |
| -- | 31 |
| Withdrawn status | Lost status | Source of classification or shelving scheme | Damaged status | Not for loan | Home library | Current library | Date acquired | Vendor Name | Cost, normal purchase price | SGTU | Bill Number | Total Checkouts | Full call number | Accession No. (Barcode) | Date last seen | Date last borrowed | Bill Date | Koha item type |
|---|---|---|---|---|---|---|---|---|---|---|---|---|---|---|---|---|---|---|
| Dewey Decimal Classification | SGT Dental Library | SGT Dental Library | 11/05/2022 | Ahuja Book Co. Pvt. Ltd. | 1395.00 | SGTU | 14353 | 18 | 617.6342 E19G | FD8626 | 23/02/2026 | 23/02/2026 | 16/04/2022 | Books | ||||
| Dewey Decimal Classification | SGT Dental Library | SGT Dental Library | 11/05/2022 | Ahuja Book Co. Pvt. Ltd. | 1395.00 | SGTU | 14353 | 17 | 617.6342 E19G | FD8627 | 23/02/2026 | 23/02/2026 | 16/04/2022 | Books | ||||
| Dewey Decimal Classification | SGT Dental Library | SGT Dental Library | 11/05/2022 | Ahuja Book Co. Pvt. Ltd. | 1395.00 | SGTU | 14353 | 14 | 617.6342 E19G | FD8628 | 12/01/2026 | 05/12/2025 | 16/04/2022 | Books |